En el cambio de estaciones /
Сохранить в:
| Главный автор: | |
|---|---|
| Формат: | Неизвестно |
| Язык: | Spanish |
| Опубликовано: |
Nicaragua :
Editorial Universitaria de la UNAN,
1981.
|
| Серии: | (Colección poesía ;
número 13) |
| Предметы: | |
| Метки: |
Добавить метку
Нет меток, Требуется 1-ая метка записи!
|
MARC
| LEADER | 000000000a22000000004500 | ||
|---|---|---|---|
| 001 | 001987 | ||
| 041 | 0 | |a spa | |
| 082 | 0 | 4 | |a N861.44 |b A833e |
| 100 | 1 | |a De Asís Fernández, Francisco, |d 1945- | |
| 245 | 1 | 0 | |a En el cambio de estaciones / |c Francisco De Asís Fernández. |
| 260 | 1 | |a Nicaragua : |b Editorial Universitaria de la UNAN, |c 1981. | |
| 300 | |a 136 páginas | ||
| 490 | 1 | |a (Colección poesía ; |v número 13) | |
| 650 | 4 | |a LITERATURA NICARAGUENSE | |
| 650 | 4 | |a POESIA | |
| 999 | |c 8595 |d 8595 | ||
| 942 | |c BK |h N861.44 A833e |2 z | ||
